Quizzes
Events
Quiz Creation
Community
Videos
Private Events
Remove Ads
Sign In
Join for FREE
Feedback
Dark Mode
Quiz Categories
Sports
Geography
Music
Movies
Television
Just For Fun
Miscellaneous
History
Literature
Language
Science
Gaming
Entertainment
Religion
Holiday
For Kids
Quiz Lab
Recent
Popular Today
Quiz Kudos Today
Editor Picks
Curator Picks
Quizzes by...
Day
Popularity
Type
Ratings
Length
Year
Community
Subscriptions
Recent Discussions
Orange Saloon
Badges
Playlists
Quests
Create
Leaderboards
Showdown
Live 5
Trivia Bingo
Activity
Puzzle Library
Sporcle Events
Private Events
Virtual Trivia
Globe League
Become a Host
Pub Owners
SporcleCon
Opinionation
Our Games
Videos
Blog
Mobile Apps
Partnerships
Remove Ads and Go Orange
Feedback
Sports
Athletes
MLB
NBA
NHL
NFL
Soccer
Sports Teams
WWE
NCAA
Football
Premier League
Basketball
Baseball
Hockey
Golf
Tennis
Cricket
Rugby
Auto Racing
Olympics
World Cup
Sports
Athletes
MLB
NBA
NHL
NFL
Soccer
Sports Teams
WWE
NCAA
Football
Premier League
Basketball
Baseball
Hockey
Golf
Tennis
Cricket
Rugby
Auto Racing
Olympics
World Cup
Random Quiz
Search Sporcle
×
Quiz Lab
Quiz Lab
Sports
Soccer
Type in answers that appear in a list
Type in answers that appear in a list
Classic
Best Score? Go Orange.
Soccer Worldchampion Starter since 1978 Stats
Can you name the Soccer Worldchampion Starter since 1978?
By
TimmyD77
10m
99 Questions
88 Plays
88 Plays
88 Plays
Comments
Comments
Give Quiz Kudos
Give Quiz Kudos
-
- Ratings
hide this ad
Replay
Link that replays current quiz
Next Quiz
Link to next quiz in quiz playlist
You Got
0%
They Got
Avg Score
43%
Avg Friend Score
Upgrade to see
Score Distribution
Jump to the score distribution portion of the page
Score
0/99
Timer
10:00
0
Plays Today
Player
% Correct
Diego Armando Maradona
86.4%
Ronaldo
85.2%
Andres Iniesta
84.1%
Zinedine Zidane
80.7%
Iker Casillas
79.5%
Xavi Hernandez
78.4%
David Villa
78.4%
Gianluigi Buffon
77.3%
Carles Puyol
77.3%
Ronaldinho
76.1%
Gerard Pique
75%
Fabien Barthez
72.7%
Romario
71.6%
Rivaldo
71.6%
Sergio Ramos
71.6%
Cafu
69.3%
Roberto Carlos
68.2%
Jürgen Klinsmann
67%
Paolo Rossi
65.9%
Andrea Pirlo
65.9%
Fabio Cannavaro
64.8%
Liliam Thuram
63.6%
Xabi Alonso
63.6%
Lucio
62.5%
Gilberto Silva
62.5%
Claudio Taffarel
61.4%
Mauro Silva
61.4%
Sergio Busquets
61.4%
Emmanuel Petit
60.2%
Rudi Völler
59.1%
Francesco Totti
59.1%
Carlos Dunga
58%
Marcel Desailly
58%
Player
% Correct
Mario Kempes
56.8%
Bebeto
56.8%
Pedro Rodriguez
56.8%
Dino Zoff
55.7%
Didier Deschamps
55.7%
Gennaro Ivan Gattuso
54.5%
Luca Toni
52.3%
Gianluca Zambrotta
51.1%
Marco Materazzi
51.1%
Youri Djorkaeff
50%
Daniel Passarella
47.7%
Fabio Grosso
45.5%
Andreas Brehme
43.2%
Stephane Guivarc'h
43.2%
Juan Capdevila
40.9%
Bodo Illgner
37.5%
Marcos
37.5%
Marco Tardelli
36.4%
Jorge Burruchaga
36.4%
Mauro Camoranesi
36.4%
Jorge Valdano
35.2%
Aldair
35.2%
Branco
33%
Frank LeBoeuf
33%
Roque Junior
33%
Jürgen Kohler
31.8%
Thomas Häßler
31.8%
Gaetano Scirea
30.7%
Jose Luis Brown
30.7%
Edmilson
30.7%
Osvaldo Ardiles
29.5%
Christian Karembeu
29.5%
Ubaldo Fillol
28.4%
Player
% Correct
Mazinho
28.4%
Simone Perrotta
28.4%
Marcio Santos
27.3%
Kleberson
27.3%
Claudio Gentile
26.1%
Jorginho
26.1%
Leopoldo Luque
25%
Bruno Conti
25%
Pierre Littbarski
25%
Zinho
25%
Giuseppe Bergomi
23.9%
Antonio Cabrini
21.6%
Guido Buchwald
21.6%
Daniel Bertoni
20.5%
Alberto Tarantini
19.3%
Sergio Batista
18.2%
Americo Gallego
17%
Francesco Graziani
17%
Oscar Ruggeri
17%
Lotther Matthäus
17%
Luis Galvan
14.8%
Fulvio Collovati
14.8%
Julio Olarticoechea
14.8%
Hector Enrique
14.8%
NeryPumpido
13.6%
Jose Luis Cuciuffo
13.6%
Klaus Augenthaler
13.6%
Jorge Olguin
12.5%
Gabriele Oriali
12.5%
Ricardo Giusti
12.5%
Thomas Berthold
12.5%
Oscar Ortiz
11.4%
Bixente Lizerazu
5.7%
Quiz Playlist
Details
Report
Send in Message
Add To Playlist
Classic:
Type in answers that appear in a list
Last Updated: Feb 16, 2017
Quiz Scoreboard
CHALLENGE
Sign Up to Join the Scoreboard
Show All
Scores
Hide
Comments
May contain spoilers
Recently Published
NBA Finals Game Top Scorers (2010s)
by flibbidy
Sports
5m
Guess the 'R' Things in 3 Words
by MSUKent
Miscellaneous
3m
Actor to Badly Drawn Movie III
by MoMosMoProblems
Movies
5m
More to Explore
Quiz From the Vault
Featured Blog Post
Where Does Lost Luggage Go?
hide this ad
You Might Also Like...
Tags
Football Quiz
Soccer Quiz
World Cup Quiz
1978
champion
World Championships
Today's Top Quizzes in Sports
Browse Sports
hide this ad
Today's Top Quizzes in Soccer
Browse Soccer
Top Contributed Quizzes in Sports
1
Les joueurs à 100 buts en Ligue 1 Uber Eats
2
2022 World Cup Stars
3
2024 March Madness Bracket
4
Millionaire: NBA Finals Edition
5
Players with Multiple 50 Home Run Seasons
6
Criteria MLB: Left Handed Sluggers
7
Nickname Match: Athletes VI
8
Iconic Moments in Football - Multiple Choice
9
NFL MVPs ordered
10
NBA Championships Per City
Explore More
Trending Topics
Harry Potter
Anime
Crossword
NBA
Kpop
Marvel
Disney
Song
WWE
NFL
Pokémon
Soccer
The Office
Country
Puzzle
hide this ad
More By:
TimmyD77
Quiz
Plays
Rating
Category
Featured
Created
Best Fifa 12 Players per Position
14,237
4.11
Sports
Oct 4, 2011
NBA 2K12 Best Players per Position
10,018
3.71
Sports
Oct 12, 2011
NBA 2K Players with 80+
4,572
2.00
Sports
Oct 15, 2011
NBA 2K Legends
4,169
1.17
Sports
Oct 13, 2011
NBA's 10 Biggest Salaries
2,543
4.09
Sports
Nov 30, 2011
Go to Creator's Profile
Score Distribution
Quiz Creator Spotlight
TimmyD77
Follow
Send a Message
Quizzes Created
-
Created Quiz Play Count
-
More By This Creator
Popular Quizzes Today
1
Find the US States - No Outlines Minefield
2
Find the US States
3
The Countries of the World
4
10 Largest US States in Order
5
Find the Countries of Europe - No Outlines Minefield
6
US States
7
Guess the 'R' Things in 3 Words
8
NBA Finals Game Top Scorers (2010s)
More Sports Quizzes
Irish Soccer Players
Published
Trending Quizzes
First Name TV: Leading Men
Match the Book to the Film II
First Name TV: Leading Women Drama
Match the Book to the Film VI
3-Word Movies in 1 Word II
Recently Updated
Women's Final Four Teams by Year
bhenderson79
Presidents Quartet II
eogle
Anything But Clue(do)
eogle
Anything But Oceanian Capitals
eogle
Anything But 7
eogle
Anything But Thing
eogle
Word Ladder: February 29
pecheneg
Song Title Questions
pecheneg
Women's NCAA Tournament #1 Seeds
pecheneg
Celebrity Mug Shots
pecheneg
Trending Topics
Kpop
Anime
Crossword
Marvel
Disney
Harry Potter
NBA
Country
Puzzle
Pokémon
Song
WWE
Soccer
NFL
The Office
Your Account Isn't Verified!
In order to create a playlist on Sporcle, you need to verify the email address you used during registration. Go to your
Sporcle Settings
to finish the process.
Report this User
Report this user for behavior that violates our
Community Guidelines
.
Details:
Send Report
Go to the Sporcle.com Mobile Site →
Comments